00405 a2200157 450000100060000002000150000604000220002110000190004324000230006224500180008530000080010365000230011194200070013495200890014199900170023057782 a8571230250 cAnchieta - Pituba aKorda, Michael10aOlho por olholpor10aOlho por olho a453 4aFicção inglesa cBK 00104070a91.1b91.1d2023-11-21l0p7987/PITr2023-11-21 18:25:29w2023-11-21yBK c57782d57782